Методические рекомендации по выполнению лабораторных работ по дисциплине «Инфраструктура нововведений, учебно-методическое пособие
| Egile nagusia: | |
|---|---|
| Gaia: | Учебно-методическое пособие содержит методические рекомендации по выполнению лабораторных работ: структуре и содержанию работы, подбору литературы, а также разъясняется процедура выполнения работ. Разработано в соответствии с ФГОС ВО по направлению подготовки/специальности 27.03.05 Инноватика, предназначено для студентов бакалавриата очной формы обучения для подготовки к выполнению лабораторных работ. Книга из коллекции ПГУТИ - Экономика и менеджмент |
| Argitaratua: |
Самара, ПГУТИ, 2024
|
| Gaiak: | |
| Sarrera elektronikoa: | https://e.lanbook.com/book/463544 https://e.lanbook.com/img/cover/book/463544.jpg |
| Formatua: | Baliabide elektronikoa Liburua |
MARC
| LEADER | 00000nam0a2200000 i 4500 | ||
|---|---|---|---|
| 001 | RU-LAN-BOOK-463544 | ||
| 100 | |a 20250516d2024 k y0rusy01020304ca | ||
| 101 | 0 | |a rus | |
| 102 | |a RU | ||
| 105 | |a y j 000zy | ||
| 106 | |a z | ||
| 200 | 1 | |a Методические рекомендации по выполнению лабораторных работ по дисциплине «Инфраструктура нововведений |b Электронный ресурс |f Крюкова А. А. |e учебно-методическое пособие | |
| 210 | |a Самара |b Самара |c ПГУТИ |d 2024 | ||
| 215 | |a 27 с. | ||
| 330 | |a Учебно-методическое пособие содержит методические рекомендации по выполнению лабораторных работ: структуре и содержанию работы, подбору литературы, а также разъясняется процедура выполнения работ. Разработано в соответствии с ФГОС ВО по направлению подготовки/специальности 27.03.05 Инноватика, предназначено для студентов бакалавриата очной формы обучения для подготовки к выполнению лабораторных работ. | ||
| 333 | |a Книга из коллекции ПГУТИ - Экономика и менеджмент | ||
| 610 | 0 | |a лабораторная работа | |
| 675 | |a 001.895 | ||
| 700 | 1 | |a Крюкова |b А. А. | |
| 801 | 1 | |a RU |b Издательство Лань |c 20250516 |g RCR | |
| 856 | 4 | |u https://e.lanbook.com/book/463544 | |
| 856 | 4 | 1 | |u https://e.lanbook.com/img/cover/book/463544.jpg |
| 953 | |a https://e.lanbook.com/img/cover/book/463544.jpg | ||